Privolávanie dažďa

Extrémna situácia sucha na Slovensku. Najväčší problém s vodou je na Záhorí a na juhu Podunajskej nížiny. To sa výrazne podpisuje pod kvalitu pestovaných plodín. Pestovatelia očakávajú najväčšie výpadky vo výnosoch. Je potrebné sa klimatologickým zmenám prispôsobiť. Štátna pomoc pre farmárov.

Na minha lista:
Detalhes bibliográficos
Autor principal: Petrášová, Michaela
Formato: Capítulo de Livro
Idioma:eslovaco
Assuntos:
Tags: Adicionar Tag
Sem tags, seja o primeiro a adicionar uma tag!

MARC

LEADER 00000naa a2200000 4500
001 0265174
005 20200702122902.0
041 0 |a slo 
044 |a SK 
245 1 0 |a Privolávanie dažďa  |c Michaela Petrášová 
520 |a Extrémna situácia sucha na Slovensku. Najväčší problém s vodou je na Záhorí a na juhu Podunajskej nížiny. To sa výrazne podpisuje pod kvalitu pestovaných plodín. Pestovatelia očakávajú najväčšie výpadky vo výnosoch. Je potrebné sa klimatologickým zmenám prispôsobiť. Štátna pomoc pre farmárov. 
610 2 0 |a poľnohospodárstvo 
610 2 0 |a pôda poľnohospodárska 
610 2 0 |a úroda 
610 2 0 |a potraviny 
610 2 0 |a zrážky vodné 
610 2 0 |a plodiny poľnohospodárske 
100 1 |a Petrášová, Michaela